00962nam a22002057a 4500952011400000999001700114008004100131020001800172050002000190100002800210245006600238250001700304260003900321300002400360500004300384505021100427519009400638650001700732942000700749 00102lcc4070a08b08d2013-03-21l57oQP40 G696 2010p08 004499r2023-07-25s2023-07-25t1w2013-03-21yLB c89291d89291130321s2011 mx ||||| |||| 00| 0 spa d a978607448099304aQP40bG696 201010aGould, Edward R.eautor13aFisiologíac/ Edward R. Gould ; tr. Leonora Velíz Salazar a2a edición aMéxicob: Manual Modernoc, 2010 axvii, 279 páginas aEn portada: déjareview: Fisiología aFisiología general Neurofisiología Fisiología cardiovascular Fisiología respiratoria Fisiología renal y acidobásica Fisiología gastrointestinal Fisiología endocrina Fisiología reproductiva aPlan Flexible /bPsicología /cBases Biológicas de la Conducta (B04-1) /d(08 004499)10aFISIOLOGÍA cLB